| 000 | 00817nam a2200193 a 4500 | ||
|---|---|---|---|
| 005 | 20140412111301.0 | ||
| 008 | 030414s19uu xx 00 eng d | ||
| 020 | _a0-8224-2703-6 | ||
| 050 |
_aTR(GS 411 _bT44 1987 |
||
| 100 | _aTiedt, Iris M. | ||
| 245 |
_aEnjoying the written word : _blessons from the South Bay Writing Project, Grades 4-6 / _cby Iris M. Tiedt and Mary Young Williams. |
||
| 260 |
_aBelmont, California : _bDavid S. Lake Publishers, _c1987. |
||
| 300 | _a92 p. ; ill. | ||
| 440 | _aFearon Teacher Aids | ||
| 520 | _aThirty-two SAFE Lesson Plans, plus reproducible worksheets, provide opportunities for creative expression with such activities as Musical Storywritingm, Why Stories, and Telling True Stories. | ||
| 650 | _aLesson Plans | ||
| 650 | _aReproducible Materials | ||
| 999 |
_c103381 _d103381 |
||